[Event "CZE-chT1E 1112"]
[Site "Czech Republic"]
[Date "2012.03.18"]
[Round "10"]
[White "Beil, Zdenek"]
[Black "Nehybka, Jiri"]
[Result "1-0"]
[WhiteElo "2256"]
[BlackElo "2245"]
[PlyCount "63"]
[EventDate "2011.10.02"]
[EventType "team-tourn"]
[EventRounds "11"]
[EventCountry "CZE"]
[SourceTitle "EXT 2013"]
[Source "ChessBase"]
[SourceDate "2012.11.22"]
[SourceVersion "1"]
[SourceVersionDate "2012.11.22"]
[SourceQuality "1"]
[WhiteTeam "Litovel II"]
[BlackTeam "Brno Duras"]
[WhiteTeamCountry "CZE"]
[BlackTeamCountry "CZE"]

1. d4 d5 2. Nf3 Nf6 3. c3 c6 4. Bf4 Bf5 5. Qb3 Qb6 6. e3 Nbd7 7. h3 h6 8. Be2 e6 9. 0-0 Ne4 10. c4 dxc4 11. Bxc4 Bd6 12. Bxd6 Nxd6 13. Nbd2 Nxc4 14. Qxc4 Nf6 15. b4 0-0 16. Nb3 Be4 17. Nfd2 Bd5 18. Qc3 Bxb3 19. Qxb3 a5 20. bxa5 Qxa5 21. Nc4 Qa4 22. Rfc1 Nd5 23. Qb2 Qb4 24. Rab1 Ra4 25. Qc2 Qxc4 26. Qxc4 Rxc4 27. Rxc4 Ra8 28. Rxb7 Rxa2 29. Rxc6 Ra1+ 30. Kh2 Ra2 31. Rc8+ Kh7 32. Rxf7 1-0

[Event "Brno Duras op-A"]
[Site "Brno"]
[Date "2011.06.28"]
[Round "5"]
[White "Nehybka, Jiri"]
[Black "Zavadil, Michal"]
[Result "1/2-1/2"]
[WhiteElo "2235"]
[BlackElo "2109"]
[PlyCount "30"]
[EventDate "2011.06.25"]
[EventType "swiss"]
[EventRounds "9"]
[EventCountry "CZE"]
[SourceTitle "CBM 143 Extra"]
[Source "ChessBase"]
[SourceDate "2011.08.29"]
[SourceVersion "1"]
[SourceVersionDate "2011.08.29"]
[SourceQuality "1"]

1. d4 f5 2. Nf3 Nf6 3. g3 e6 4. Bg2 Be7 5. 0-0 0-0 6. c4 d6 7. Nc3 Ne4 8. Qc2 Nxc3 9. Qxc3 a5 10. Qc2 Nc6 11. Bd2 Bf6 12. Bc3 Qe7 13. e4 e5 14. d5 fxe4 15. Qxe4 Nd8 1/2-1/2

[Event "Brno Duras op-A"]
[Site "Brno"]
[Date "2011.06.26"]
[Round "3"]
[White "Nehybka, Jiri"]
[Black "Fojtik, Tomas"]
[Result "1-0"]
[WhiteElo "2235"]
[BlackElo "2106"]
[PlyCount "79"]
[EventDate "2011.06.25"]
[EventType "swiss"]
[EventRounds "9"]
[EventCountry "CZE"]
[SourceTitle "CBM 143 Extra"]
[Source "ChessBase"]
[SourceDate "2011.08.29"]
[SourceVersion "1"]
[SourceVersionDate "2011.08.29"]
[SourceQuality "1"]

1. d4 e6 2. Nf3 b6 3. e4 Bb7 4. Bd3 c5 5. c3 Nf6 6. Bg5 h6 7. Bxf6 Qxf6 8. Nbd2 cxd4 9. cxd4 Bb4 10. 0-0 0-0 11. a3 Bxd2 12. Qxd2 Nc6 13. Qe3 d6 14. Rac1 Rfc8 15. Rc3 e5 16. d5 Nd4 17. Nxd4 exd4 18. Rxc8+ Rxc8 19. Qh3 Rc7 20. f4 Qe7 21. Qf3 Rc5 22. h3 Qc7 23. Kh2 Rc1 24. Rf2 Qc5 25. Re2 Kf8 26. g4 Qa5 27. Qf2 Qa4 28. Rd2 Rd1 29. Bc2 Rxd2 30. Qxd2 Qc4 31. Bd3 Qc5 32. Kg3 g6 33. f5 g5 34. f6 Bc8 35. h4 Qc7 36. hxg5 h5 37. g6 fxg6 38. Qh6+ Ke8 39. Qh8+ Kd7 40. Bb5+ 1-0

[Event "CZE-chT2D 1011"]
[Site "Czech Republic"]
[Date "2010.11.21"]
[Round "3"]
[White "Pokorny, Zdenek"]
[Black "Nehybka, Jiri"]
[Result "0-1"]
[WhiteElo "2286"]
[BlackElo "2237"]
[PlyCount "120"]
[EventDate "2010.10.17"]
[EventType "team-tourn"]
[EventRounds "11"]
[EventCountry "CZE"]
[SourceTitle "EXT 2012"]
[Source "ChessBase"]
[SourceDate "2011.11.24"]
[SourceVersion "1"]
[SourceVersionDate "2011.11.24"]
[SourceQuality "1"]
[WhiteTeam "Chrudim"]
[BlackTeam "Brno Duras II"]
[WhiteTeamCountry "CZE"]
[BlackTeamCountry "CZE"]

1. e4 e5 2. Bc4 Nc6 3. Nc3 Nf6 4. d3 Bc5 5. f4 d6 6. Nf3 Bg4 7. Na4 Bb6 8. Nxb6 axb6 9. 0-0 Nd4 10. fxe5 Bxf3 11. gxf3 dxe5 12. f4 exf4 13. Bxf4 b5 14. Bb3 Nxb3 15. axb3 Rxa1 16. Qxa1 0-0 17. Qa7 Qc8 18. Qf2 Qd7 19. Kh1 c6 20. Rg1 Ne8 21. Qg3 f5 22. e5 Nc7 23. h4 Ne6 24. Kh2 Qd4 25. Bd2 Qxb2 26. Bb4 Rf7 27. Rg2 c5 28. Be1 f4 29. Qg4 f3 30. Qxe6 fxg2 31. Qe8+ Rf8 32. Qe6+ Kh8 33. Qe7 Ra8 34. Qxc5 Qc1 35. Qf2 Kg8 36. Kxg2 Ra2 37. Qf5 Qxc2+ 38. Bf2 Qc6+ 39. Kh3 g6 40. Qf4 Qe6+ 41. Kg3 Qxb3 42. e6 Rxf2 43. Kxf2 Qxe6 44. Kg3 Qd5 45. Qb8+ Kg7 46. Qc7+ Kf6 47. Qb6+ Ke5 48. Qe3+ Kd6 49. Qb6+ Kd7 50. Kf2 Qf5+ 51. Kg2 Qg4+ 52. Kf1 Qd1+ 53. Kf2 Qd2+ 54. Kg1 Qe1+ 55. Kg2 Qe2+ 56. Kg1 Qg4+ 57. Kf1 Qh3+ 58. Kf2 Qxh4+ 59. Ke3 Qe1+ 60. Kf4 Qf1+ 0-1

[Event "CZE-chT2E 0910"]
[Site "Czech Republic"]
[Date "2010.03.14"]
[Round "9.1"]
[White "Nehybka, Jiri"]
[Black "Pala, Vladimir"]
[Result "0-1"]
[WhiteElo "2232"]
[BlackElo "2345"]
[PlyCount "118"]
[EventDate "2009.10.18"]
[EventType "team-tourn"]
[EventRounds "11"]
[EventCountry "CZE"]
[SourceTitle "EXT 2012"]
[Source "ChessBase"]
[SourceDate "2011.11.24"]
[SourceVersion "1"]
[SourceVersionDate "2011.11.24"]
[SourceQuality "1"]
[WhiteTeam "Orechov"]
[BlackTeam "Prostejov"]
[WhiteTeamCountry "CZE"]
[BlackTeamCountry "CZE"]

1. e4 g6 2. d4 Bg7 3. Nc3 d6 4. Nf3 Nf6 5. Be3 0-0 6. h3 a6 7. a4 b6 8. Bc4 Bb7 9. e5 Ne4 10. Nxe4 Bxe4 11. Ng5 Bb7 12. e6 f5 13. d5 c6 14. Bd4 cxd5 15. Bxg7 Kxg7 16. Bxd5 Nc6 17. Nf7 Qc8 18. f4 Rxf7 19. exf7 e6 20. Bf3 Qc7 21. 0-0 Kxf7 22. Qd2 d5 23. Rfe1 Rd8 24. Rad1 Ne7 25. b3 Ng8 26. Qd4 Nf6 27. c4 Rd7 28. Rc1 Qd6 29. c5 bxc5 30. Rxc5 Ne4 31. Bxe4 fxe4 32. Rec1 h5 33. b4 g5 34. fxg5 e5 35. Qf2+ Kg7 36. Qf6+ Qxf6 37. gxf6+ Kxf6 38. Rc7 Ke6 39. Kf2 h4 40. g4 hxg3+ 41. Kxg3 e3 42. Rxd7 Kxd7 43. Kf3 d4+ 44. Ke2 Bg2 45. h4 e4 46. Rc4 Bf3+ 47. Ke1 d3 48. Rd4+ Kc6 49. Rd8 Bh5 50. Rd4 d2+ 51. Rxd2 exd2+ 52. Kxd2 Kd5 53. Ke3 Bg6 54. Kf4 Kd4 55. Kg5 e3 56. Kxg6 e2 57. h5 e1Q 58. h6 Qxb4 59. h7 Qf8 0-1

[Event "Olexa Memorial op"]
[Site "Brno"]
[Date "2009.12.29"]
[Round "5"]
[White "Hosek, Martin"]
[Black "Nehybka, Jiri"]
[Result "1/2-1/2"]
[WhiteElo "1885"]
[BlackElo "2239"]
[PlyCount "86"]
[EventDate "2009.12.26"]
[EventType "swiss"]
[EventRounds "7"]
[EventCountry "CZE"]
[SourceTitle "CBM 134 Extra"]
[Source "ChessBase"]
[SourceDate "2010.03.03"]
[SourceVersion "1"]
[SourceVersionDate "2010.03.03"]
[SourceQuality "1"]

1. d4 d6 2. c4 e5 3. dxe5 dxe5 4. Qxd8+ Kxd8 5. g3 Be6 6. Bg2 c6 7. b3 Bb4+ 8. Bd2 Bxd2+ 9. Nxd2 Nd7 10. Ne4 f6 11. Nf3 Ne7 12. 0-0-0 Kc7 13. Rd2 Rad8 14. Rhd1 Nb6 15. Kc2 Bf5 16. Nh4 Bxe4+ 17. Bxe4 g6 18. Rxd8 Rxd8 19. Rxd8 Kxd8 20. g4 Kc7 21. Kc3 c5 22. e3 Nbc8 23. Bc2 Nd6 24. b4 cxb4+ 25. Kxb4 Nc6+ 26. Kc3 b6 27. Nf3 Na5 28. g5 Naxc4 29. gxf6 Kd7 30. Ng5 h6 31. Nf7 Nxf7 32. Kxc4 Ke6 33. Bxg6 Nd6+ 34. Kd3 Kxf6 35. Bh5 Kg5 36. Bd1 b5 37. Bb3 Kg4 38. Bd5 a5 39. f3+ Kg5 40. Be6 b4 41. Bd7 h5 42. Be6 Kh4 43. Bd7 Kg5 1/2-1/2

[Event "Olexa Memorial op"]
[Site "Brno"]
[Date "2009.12.28"]
[Round "4"]
[White "Cip, Dalibor"]
[Black "Nehybka, Jiri"]
[Result "1/2-1/2"]
[WhiteElo "2203"]
[BlackElo "2239"]
[PlyCount "64"]
[EventDate "2009.12.26"]
[EventType "swiss"]
[EventRounds "7"]
[EventCountry "CZE"]
[SourceTitle "CBM 134 Extra"]
[Source "ChessBase"]
[SourceDate "2010.03.03"]
[SourceVersion "1"]
[SourceVersionDate "2010.03.03"]
[SourceQuality "1"]

1. c4 e5 2. Nc3 Nc6 3. g3 g6 4. Bg2 Bg7 5. e4 d6 6. Nge2 Nge7 7. 0-0 0-0 8. d3 Nd4 9. Nxd4 exd4 10. Ne2 Rb8 11. b4 b5 12. cxb5 Rxb5 13. Bd2 Nc6 14. Rb1 a6 15. Qc2 Bg4 16. f3 Bd7 17. Rfc1 Qb8 18. a3 Rc8 19. Nf4 Ne7 20. a4 Rb6 21. Qa2 c5 22. bxc5 Rxc5 23. Rd1 Be5 24. Ne2 Be6 25. Rxb6 Qxb6 26. Rb1 Qc7 27. Qa3 Rc2 28. Rc1 Rxc1+ 29. Qxc1 Qxc1+ 30. Nxc1 Bd7 31. f4 Bf6 32. Bb4 Nc8 1/2-1/2

[Event "Olexa Memorial op"]
[Site "Brno"]
[Date "2009.12.27"]
[Round "2"]
[White "Krejci, Dalibor"]
[Black "Nehybka, Jiri"]
[Result "1/2-1/2"]
[WhiteElo "1835"]
[BlackElo "2239"]
[PlyCount "90"]
[EventDate "2009.12.26"]
[EventType "swiss"]
[EventRounds "7"]
[EventCountry "CZE"]
[SourceTitle "CBM 134 Extra"]
[Source "ChessBase"]
[SourceDate "2010.03.03"]
[SourceVersion "1"]
[SourceVersionDate "2010.03.03"]
[SourceQuality "1"]

1. c4 e5 2. e3 Nc6 3. Nc3 g6 4. Nf3 Bg7 5. Be2 f5 6. d4 e4 7. Nd2 Nf6 8. a3 a5 9. Rb1 0-0 10. b4 axb4 11. axb4 Kh8 12. b5 Ne7 13. Qb3 b6 14. Ba3 Bb7 15. 0-0 g5 16. d5 d6 17. Bb4 Ng6 18. Ra1 Qe7 19. Rxa8 Rxa8 20. Qb2 f4 21. Qc2 Re8 22. Ra1 g4 23. Ra7 Bc8 24. Ncxe4 Nxe4 25. Qxe4 Qxe4 26. Nxe4 Rxe4 27. Rxc7 Re8 28. Bxd6 fxe3 29. fxe3 Bf5 30. c5 Bh6 31. c6 Bxe3+ 32. Kf1 Be4 33. Rd7 Bxd5 34. c7 Be6 35. Rd8 Rg8 36. Ke1 Bg5 37. Rb8 Bc8 38. Bc4 Re8+ 39. Kd1 Kg7 40. Rxc8 Rxc8 41. Be6 Be7 42. Bg3 Ra8 43. c8Q Rxc8 44. Bxc8 h5 45. Bf2 Bd8 1/2-1/2

[Event "CZE-chT2E 0910"]
[Site "Czech Republic"]
[Date "2009.11.08"]
[Round "2.1"]
[White "Nehybka, Jiri"]
[Black "Docekal, Jan"]
[Result "1/2-1/2"]
[WhiteElo "2232"]
[BlackElo "2261"]
[PlyCount "145"]
[EventDate "2009.10.18"]
[EventType "team-tourn"]
[EventRounds "11"]
[EventCountry "CZE"]
[SourceTitle "EXT 2012"]
[Source "ChessBase"]
[SourceDate "2011.11.24"]
[SourceVersion "1"]
[SourceVersionDate "2011.11.24"]
[SourceQuality "1"]
[WhiteTeam "Orechov"]
[BlackTeam "Znojmo"]
[WhiteTeamCountry "CZE"]
[BlackTeamCountry "CZE"]

1. e4 c5 2. Nc3 g6 3. g3 Bg7 4. Bg2 Nc6 5. d3 e6 6. Be3 d6 7. f4 Nf6 8. Nf3 0-0 9. 0-0 b6 10. Bf2 Bb7 11. d4 cxd4 12. Nxd4 a6 13. a4 Na5 14. Nce2 Qc7 15. c3 Rad8 16. Nb3 Nc4 17. Nd2 d5 18. e5 Nxb2 19. Qb3 Nc4 20. Nxc4 dxc4 21. Qxb6 Qxb6 22. Bxb6 Bxg2 23. Kxg2 Rd2 24. Kf3 Nd5 25. Bd4 Rd8 26. Rfb1 Nxc3 27. Bxc3 R8d3+ 28. Kf2 Rxc3 29. Rc1 Rcc2 30. Rxc2 Rxc2 31. Ke1 Bf8 32. Rc1 Bb4+ 33. Kf2 Rxc1 34. Nxc1 g5 35. Ke3 Bc5+ 36. Kd2 Bb4+ 37. Ke3 Kg7 38. fxg5 Bc3 39. Ke4 Kg6 40. Na2 Bd2 41. Kd4 Kxg5 42. Kxc4 Kf5 43. Kd3 Ba5 44. Nc1 Kxe5 45. Nb3 Bb6 46. Nd2 Kd5 47. Ne4 Bd8 48. g4 Be7 49. h3 Ke5 50. Ke3 h6 51. Ng3 Bb4 52. Ne2 Bc5+ 53. Kd3 Bf2 54. Nc3 Kf4 55. Ne4 Bh4 56. Nc5 Kg3 57. Nxa6 Kxh3 58. Nb8 Be1 59. Ke2 Bg3 60. Nc6 Kxg4 61. a5 Bc7 62. a6 Bb6 63. a7 Bxa7 64. Nxa7 f5 65. Nc6 Kf4 66. Ne7 Kg3 67. Nc6 f4 68. Nd4 e5 69. Nf5+ Kg2 70. Nxh6 e4 71. Nf5 f3+ 72. Ke3 f2 73. Kxe4 1/2-1/2

[Event "CZE-chT2D 0809"]
[Site "Czech Republic"]
[Date "2009.01.11"]
[Round "6.2"]
[White "Svanda, Pavel"]
[Black "Nehybka, Jiri"]
[Result "1-0"]
[WhiteElo "2198"]
[BlackElo "2233"]
[PlyCount "129"]
[EventDate "2008.10.12"]
[EventType "team-tourn"]
[EventRounds "11"]
[EventCountry "CZE"]
[SourceTitle "EXT 2010"]
[Source "ChessBase"]
[SourceDate "2010.11.25"]
[SourceVersion "1"]
[SourceVersionDate "2010.11.25"]
[SourceQuality "1"]

1. e4 e5 2. Nf3 Nc6 3. Bc4 Nf6 4. d3 Bc5 5. 0-0 d6 6. c3 Bb6 7. Be3 Na5 8. Bd5 c6 9. Bxf7+ Kxf7 10. b4 Bxe3 11. fxe3 Qb6 12. bxa5 Qxe3+ 13. Kh1 Be6 14. Nbd2 Rhf8 15. Qe1 Qxe1 16. Raxe1 Kg8 17. Ng5 Bd7 18. Nc4 h6 19. Nf3 Ne8 20. Rb1 Rb8 21. Nh4 Rxf1+ 22. Rxf1 Be6 23. Nf5 Bxf5 24. Rxf5 b5 25. axb6 axb6 26. Rf2 b5 27. Na5 Rb6 28. Kg1 Nf6 29. Rb2 Nd7 30. Kf2 Nc5 31. Ke3 Ra6 32. Nb3 Nxb3 33. axb3 Ra1 34. b4 Ra3 35. Rc2 Kf7 36. c4 Rb3 37. cxb5 cxb5 38. Rc7+ Kf6 39. Rd7 Rxb4 40. Rxd6+ Ke7 41. Rb6 Rb2 42. g4 Rxh2 43. Rxb5 Kf6 44. Rb6+ Kg5 45. Re6 Rh3+ 46. Kd2 Kf4 47. Rg6 Rg3 48. Rxg7 Rxg4 49. Rf7+ Kg3 50. Rf5 Rf4 51. Rxe5 Kg4 52. Ke3 Rf3+ 53. Ke2 Rf8 54. Re7 h5 55. Ke3 Rf3+ 56. Kd4 h4 57. e5 h3 58. Rg7+ Kf5 59. Rf7+ Kg4 60. Rh7 Rf1 61. Kc5 Rc1+ 62. Kd5 Kg3 63. e6 h2 64. e7 Re1 65. Kd6 1-0

[Event "CZE-chT2D 0809"]
[Site "Czech Republic"]
[Date "2008.11.23"]
[Round "3.1"]
[White "Nehybka, Jiri"]
[Black "Varejcko, Josef"]
[Result "1/2-1/2"]
[WhiteElo "2233"]
[BlackElo "2218"]
[PlyCount "92"]
[EventDate "2008.10.12"]
[EventType "team-tourn"]
[EventRounds "11"]
[EventCountry "CZE"]
[SourceTitle "EXT 2010"]
[Source "ChessBase"]
[SourceDate "2010.11.25"]
[SourceVersion "1"]
[SourceVersionDate "2010.11.25"]
[SourceQuality "1"]

1. e4 c5 2. Nc3 Nc6 3. g3 g6 4. Bg2 Bg7 5. d3 d6 6. f4 Nf6 7. Nf3 Bg4 8. h3 Bxf3 9. Qxf3 Nd4 10. Qf2 Nd7 11. 0-0 e6 12. f5 gxf5 13. g4 Nxc2 14. Qxc2 Bd4+ 15. Kh2 fxg4 16. Nb5 Be5+ 17. Bf4 gxh3 18. Bxh3 Qb6 19. Bxe5 Nxe5 20. Na3 Nc6 21. Qf2 Qc7 22. Nb5 Qd7 23. Qxf7+ Qxf7 24. Nxd6+ Ke7 25. Nxf7 Rhg8 26. Nh6 Rg7 27. Rg1 Rg6 28. Rxg6 hxg6 29. Rg1 Ne5 30. Ng4 Nf3+ 31. Kg2 Nxg1 32. Kxg1 Rd8 33. Bf1 Rd4 34. Kf2 a5 35. Be2 b5 36. Ke3 Ra4 37. a3 b4 38. Ne5 bxa3 39. bxa3 Rxa3 40. Nxg6+ Kf6 41. Nf8 c4 42. Kd4 cxd3 43. Bxd3 e5+ 44. Kc4 Ra4+ 45. Kc3 Rd4 46. Nh7+ Kg6 1/2-1/2

[Event "CZE-chT1E 0607"]
[Site "Czech Republic"]
[Date "2007.03.18"]
[Round "10.3"]
[White "Nehybka, Jiri"]
[Black "Sluka, Radek"]
[Result "0-1"]
[WhiteElo "2225"]
[BlackElo "2331"]
[PlyCount "118"]
[EventDate "2006.10.15"]
[EventType "team"]
[EventRounds "11"]
[EventCountry "CZE"]
[SourceTitle "EXT 2008"]
[Source "ChessBase"]
[SourceDate "2007.11.25"]
[SourceVersion "1"]
[SourceVersionDate "2007.11.25"]
[SourceQuality "1"]

1. e4 d5 2. exd5 Nf6 3. Nf3 Nxd5 4. d4 g6 5. Bc4 Bg7 6. Nc3 Nb6 7. Bb3 0-0 8. 0-0 Nc6 9. d5 Na5 10. Re1 Nxb3 11. axb3 h6 12. Bf4 a6 13. Qd2 g5 14. Be5 f6 15. Bd4 Bg4 16. Bc5 Re8 17. Rad1 Nd7 18. Bd4 Nf8 19. Bc5 e5 20. h3 Bxf3 21. gxf3 Ng6 22. d6 Qd7 23. dxc7 Qxc7 24. Qd5+ Kh8 25. Na4 Nf4 26. Qd7 Rac8 27. Be3 Qxd7 28. Rxd7 Nxh3+ 29. Kh2 Nf4 30. c3 b5 31. Nc5 Ra8 32. Ra1 a5 33. Rb7 b4 34. cxb4 axb4 35. Rxa8 Rxa8 36. Rxb4 Bf8 37. Ra4 Rc8 38. b4 Nd5 39. Nd3 Nxe3 40. fxe3 Rb8 41. Kg3 Kg7 42. Ra7+ Kg6 43. Ra6 Rb5 44. Ra5 Rb6 45. b5 Rd6 46. Ra3 Be7 47. Rb3 Rb6 48. Nf2 f5 49. Nd1 Bc5 50. e4 fxe4 51. fxe4 h5 52. Nc3 Rb7 53. Na4 Bd4 54. b6 g4 55. Rb5 Kg5 56. b4 h4+ 57. Kh2 Rf7 58. b7 g3+ 59. Kh3 Rf2 0-1

[Event "CZE-chT1E 0607"]
[Site "Czech Republic"]
[Date "2007.01.21"]
[Round "6.3"]
[White "Mudrak, Josef"]
[Black "Nehybka, Jiri"]
[Result "1/2-1/2"]
[WhiteElo "2368"]
[BlackElo "2229"]
[PlyCount "96"]
[EventDate "2006.10.15"]
[EventType "team"]
[EventRounds "11"]
[EventCountry "CZE"]
[SourceTitle "EXT 2008"]
[Source "ChessBase"]
[SourceDate "2007.11.25"]
[SourceVersion "1"]
[SourceVersionDate "2007.11.25"]
[SourceQuality "1"]

1. Nf3 Nf6 2. g3 g6 3. Bg2 Bg7 4. 0-0 0-0 5. d4 d5 6. c4 c6 7. Nc3 dxc4 8. h3 Nd5 9. a4 Nd7 10. e4 Nxc3 11. bxc3 Nf6 12. Qe2 b5 13. Ne5 Bb7 14. Rb1 Qa5 15. Rb4 a6 16. Nxc4 bxc4 17. Rxb7 Qxc3 18. Be3 Rab8 19. Rxb8 Rxb8 20. Rc1 Qd3 21. Bf1 Nxe4 22. Rxc4 Qxe2 23. Bxe2 h5 24. Rxc6 a5 25. Bf3 Nd6 26. Rc5 Rb4 27. Rxa5 Bxd4 28. Bxd4 Rxd4 29. Ra8+ Kg7 30. a5 Ra4 31. a6 Nb5 32. Be2 Ra5 33. Kg2 Kf6 34. Rc8 Nd4 35. Bc4 Ke5 36. Rf8 f6 37. Rd8 e6 38. Rd7 g5 39. Bd3 Nc6 40. Rb7 Kd6 41. Rh7 Nb4 42. Bc4 Ra4 43. Bb5 Ra5 44. Rd7+ Kc5 45. Be2 h4 46. gxh4 gxh4 47. Re7 Kd6 48. Rh7 Nxa6 1/2-1/2

[Event "CZE-chT1E 0607"]
[Site "Czech Republic"]
[Date "2006.12.10"]
[Round "4.2"]
[White "Nehybka, Jiri"]
[Black "Bernasek, Jan"]
[Result "0-1"]
[WhiteElo "2215"]
[BlackElo "2470"]
[PlyCount "98"]
[EventDate "2006.10.15"]
[EventType "team"]
[EventRounds "11"]
[EventCountry "CZE"]
[SourceTitle "EXT 2008"]
[Source "ChessBase"]
[SourceDate "2007.11.25"]
[SourceVersion "1"]
[SourceVersionDate "2007.11.25"]
[SourceQuality "1"]

1. e4 c5 2. Nc3 a6 3. g3 b5 4. Bg2 Bb7 5. d3 d6 6. f4 e6 7. Nf3 Nf6 8. 0-0 Be7 9. h3 Qb6 10. Kh1 Nc6 11. g4 h6 12. Be3 Nd7 13. Ne2 Qc7 14. Ng3 Nb6 15. f5 g6 16. Qd2 exf5 17. gxf5 g5 18. Nh5 0-0-0 19. f6 Bf8 20. Bg1 d5 21. exd5 Nxd5 22. a4 Bd6 23. axb5 axb5 24. Rfe1 Nf4 25. Nxf4 gxf4 26. Qc3 Rhg8 27. Bxc5 Ne5 28. Bxd6 Qxc3 29. bxc3 Nxf3 30. Bxf4 Nxe1 31. Bxb7+ Kxb7 32. Rxe1 Rde8 33. Re7+ Rxe7 34. fxe7 Re8 35. Bd6 Kc6 36. Ba3 Rg8 37. Bc1 h5 38. Bg5 Kd7 39. Bh4 Rg6 40. Kh2 f6 41. c4 bxc4 42. dxc4 Kxe7 43. c5 Kd7 44. Bg3 Kc6 45. h4 f5 46. Bf2 Kd5 47. c3 Ke4 48. Bd4 Kf3 49. Be5 Ke3 0-1

[Event "Brno Trade op"]
[Site "Brno"]
[Date "2006.09.02"]
[Round "8"]
[White "Vymazal, Bronislav"]
[Black "Nehybka, Jiri"]
[Result "0-1"]
[WhiteElo "2305"]
[BlackElo "2229"]
[PlyCount "96"]
[EventDate "2006.08.27"]
[EventType "swiss"]
[EventRounds "9"]
[EventCountry "CZE"]
[SourceTitle "EXT 2007"]
[Source "ChessBase"]
[SourceDate "2006.11.23"]
[SourceVersion "1"]
[SourceVersionDate "2006.11.23"]
[SourceQuality "1"]

1. e4 e5 2. Nf3 Nc6 3. Bb5 a6 4. Ba4 Nf6 5. 0-0 Nxe4 6. d4 b5 7. Bb3 d5 8. dxe5 Be6 9. Nbd2 Be7 10. c3 0-0 11. Qe2 Nc5 12. Bc2 d4 13. cxd4 Nxd4 14. Nxd4 Qxd4 15. Re1 Qg4 16. Qxg4 Bxg4 17. Ne4 Rad8 18. Nxc5 Bxc5 19. Bg5 Rd7 20. Be4 h6 21. Bf4 g5 22. Be3 Bxe3 23. Rxe3 Rd2 24. b4 Rfd8 25. h3 Be6 26. a3 Bd5 27. Bf5 Be6 28. Bxe6 fxe6 29. Rc1 Rd1+ 30. Rxd1 Rxd1+ 31. Kh2 Rc1 32. Rd3 Kg7 33. g4 h5 34. gxh5 Kh6 35. Rf3 Kxh5 36. Rf6 Rc6 37. Kg3 Rc3+ 38. f3 Rxa3 39. Rxe6 a5 40. Rc6 axb4 41. Rc5 Rc3 42. Rxb5 c5 43. e6 Kg6 44. e7 Kf7 45. Rb7 b3 46. Kg4 Rc4+ 47. Kf5 Rb4 48. Ra7 b2 0-1

[Event "Brno Duras BVK op-A"]
[Site "Brno"]
[Date "2006.??.??"]
[Round "6"]
[White "Nehybka, Jiri"]
[Black "Chmelicek, Bronislav"]
[Result "1-0"]
[WhiteElo "2225"]
[BlackElo "1975"]
[PlyCount "77"]
[EventDate "2006.07.??"]
[EventType "swiss"]
[EventRounds "9"]
[EventCountry "CZE"]
[SourceTitle "EXT 2008"]
[Source "ChessBase"]
[SourceDate "2007.11.25"]
[SourceVersion "1"]
[SourceVersionDate "2007.11.25"]
[SourceQuality "1"]

1. e4 c6 2. Nc3 d5 3. Nf3 dxe4 4. Nxe4 Nd7 5. d4 Ngf6 6. Ng3 e6 7. Bd3 c5 8. 0-0 cxd4 9. Nxd4 Bc5 10. Nb3 Bb6 11. Bf4 Bc7 12. Qf3 0-0 13. Rad1 Nd5 14. Bc1 Qh4 15. h3 f5 16. Nxf5 Rxf5 17. Bxf5 Ne5 18. Qe4 Qh5 19. Bg4 Qf7 20. Bg5 h6 21. Bh4 Nf4 22. Bg3 Nxg4 23. hxg4 e5 24. f3 Bb6+ 25. Bf2 Be6 26. Bxb6 axb6 27. Qxe5 Re8 28. Rfe1 Bd7 29. Qd6 Ne2+ 30. Rxe2 Rxe2 31. Qxd7 Qf4 32. Qd8+ Kf7 33. Qd5+ Ke7 34. Qxb7+ Kf6 35. Qxb6+ Kg5 36. Qb5+ Re5 37. Qb6 Kh4 38. Qf2+ Kg5 39. g3 1-0

[Event "Brno Duras BVK op-A"]
[Site "Brno"]
[Date "2006.??.??"]
[Round "8"]
[White "Nehybka, Jiri"]
[Black "Skacelik, Petr"]
[Result "1/2-1/2"]
[WhiteElo "2225"]
[BlackElo "2255"]
[PlyCount "46"]
[EventDate "2006.07.??"]
[EventType "swiss"]
[EventRounds "9"]
[EventCountry "CZE"]
[SourceTitle "EXT 2008"]
[Source "ChessBase"]
[SourceDate "2007.11.25"]
[SourceVersion "1"]
[SourceVersionDate "2007.11.25"]
[SourceQuality "1"]

1. e4 e5 2. Nf3 Nc6 3. Nc3 Bc5 4. Nxe5 Bxf2+ 5. Kxf2 Nxe5 6. d4 Ng6 7. Bc4 Nf6 8. Rf1 d6 9. Kg1 h6 10. Nd5 Nxd5 11. Bxd5 Rf8 12. Qh5 Nh8 13. Bxb7 Bxb7 14. Qb5+ Ke7 15. Qxb7 Re8 16. b3 Kf8 17. Bb2 Kg8 18. Rae1 Ng6 19. Qd5 Qe7 20. c4 Rac8 21. Re3 c6 22. Qf5 Rc7 23. Ba3 Qd8 1/2-1/2

[Event "Brno Duras BVK op-A"]
[Site "Brno"]
[Date "2006.??.??"]
[Round "1"]
[White "Salmoiraghi, Angelo"]
[Black "Nehybka, Jiri"]
[Result "1/2-1/2"]
[WhiteElo "2015"]
[BlackElo "2225"]
[PlyCount "55"]
[EventDate "2006.07.??"]
[EventType "swiss"]
[EventRounds "9"]
[EventCountry "CZE"]
[SourceTitle "EXT 2008"]
[Source "ChessBase"]
[SourceDate "2007.11.25"]
[SourceVersion "1"]
[SourceVersionDate "2007.11.25"]
[SourceQuality "1"]

1. e4 e5 2. Nf3 Nc6 3. Bb5 a6 4. Ba4 Nf6 5. d3 d6 6. 0-0 g6 7. c3 Bg7 8. Bg5 h6 9. Bh4 0-0 10. Nbd2 b5 11. Bc2 Bb7 12. a4 Qd7 13. Re1 Rfe8 14. d4 exd4 15. cxd4 Nb4 16. Bb1 c5 17. Qb3 Rac8 18. e5 Bd5 19. Qa3 dxe5 20. dxc5 Nc6 21. Bxf6 Bxf6 22. Ne4 Bxe4 23. Bxe4 Bg7 24. Rad1 Nd4 25. c6 Qe7 26. Qxe7 Rxe7 27. Nxd4 exd4 28. axb5 1/2-1/2

[Event "Brno Duras BVK op-A"]
[Site "Brno"]
[Date "2006.??.??"]
[Round "3"]
[White "Senkyr, Martin"]
[Black "Nehybka, Jiri"]
[Result "1/2-1/2"]
[WhiteElo "1965"]
[BlackElo "2225"]
[PlyCount "56"]
[EventDate "2006.07.??"]
[EventType "swiss"]
[EventRounds "9"]
[EventCountry "CZE"]
[SourceTitle "EXT 2008"]
[Source "ChessBase"]
[SourceDate "2007.11.25"]
[SourceVersion "1"]
[SourceVersionDate "2007.11.25"]
[SourceQuality "1"]

1. e4 e5 2. Nf3 Nc6 3. Bb5 a6 4. Ba4 Nf6 5. 0-0 Nxe4 6. d4 b5 7. Bb3 d5 8. dxe5 Be6 9. c3 Be7 10. Nbd2 0-0 11. Nd4 Nxe5 12. Nxe6 fxe6 13. Nxe4 dxe4 14. Bxe6+ Kh8 15. Bd5 Bd6 16. Qh5 g6 17. Qg5 Qxg5 18. Bxg5 Rae8 19. Bxe4 Ng4 20. Bc6 Re5 21. Be3 Nxe3 22. fxe3 Rxe3 23. Rxf8+ Bxf8 24. Bf3 Bd6 25. Rd1 Kg7 26. Kf2 Bc5 27. Kf1 Re7 28. Re1 Rxe1+ 1/2-1/2

[Event "Brno Trade op-A"]
[Site "Brno"]
[Date "2005.08.28"]
[Round "1"]
[White "Kuchynka, Lukas"]
[Black "Nehybka, Jiri"]
[Result "1/2-1/2"]
[WhiteElo "2021"]
[BlackElo "2195"]
[PlyCount "103"]
[EventDate "2005.08.28"]
[EventType "swiss"]
[EventRounds "9"]
[EventCountry "CZE"]
[SourceTitle "CBM 108 Extra"]
[Source "ChessBase"]
[SourceDate "2005.11.04"]
[SourceVersion "1"]
[SourceVersionDate "2005.11.04"]
[SourceQuality "1"]

1. e4 e5 2. Nf3 Nc6 3. Bb5 a6 4. Ba4 Nf6 5. 0-0 Nxe4 6. d4 b5 7. Bb3 d5 8. Nxe5 Nxe5 9. dxe5 c6 10. c3 Bf5 11. Be3 Be7 12. Nd2 Qd7 13. Nxe4 Bxe4 14. f3 Bg6 15. Qd2 0-0 16. Rad1 Qf5 17. f4 f6 18. Bd4 fxe5 19. Bxe5 Bc5+ 20. Kh1 Kh8 21. Rde1 Rae8 22. Rf3 Re6 23. h3 Rfe8 24. Ref1 h5 25. Bd1 h4 26. Qe1 Be7 27. Re3 Bf6 28. Bg4 Qc2 29. Bxe6 Rxe6 30. Rf2 Qb1 31. Qxb1 Bxb1 32. Rf1 Bxa2 33. Ra1 Bc4 34. Rxa6 Kh7 35. Bd4 Rxe3 36. Bxe3 b4 37. Rxc6 bxc3 38. bxc3 Bxc3 39. Kg1 Bf6 40. f5 Bd3 41. Rd6 Be4 42. Bf2 Kg8 43. Rxf6 gxf6 44. Bxh4 Bxf5 45. Bxf6 Kf7 46. Bd4 Kg6 47. Kf2 Kg5 48. Kf3 Be4+ 49. Kg3 Bf5 50. Be3+ Kh5 51. Kf4 Bxh3 52. gxh3 1/2-1/2